name of the islam prophets - Statistics

General Stats
  • This quiz has been taken 361 times
  • The average score is 5 of 15
Answer Stats
Hint Answer % Correct
build an ark noah
82%
the first woman eve
79%
his name many times said moses
52%
have two wife abraham
51%
have a big kingdom solomon
45%
builder of jerusalem david
39%
son of abraham ishmael
39%
brother of yahuda joseph
32%
his tounge good in speech aaron
18%
send to ninawa jonah
16%
send to ahkaf hud
13%
his was send to gay village luth
9%
killed by king zacharia
3%
many knowledge khidir
2%
son of ayub zulkifli
1%
No matching quizzes found
Score Distribution
Percent of People with Each Score
Percentile by Number Answered
Your Score History
You have not taken this quiz